Organic chemistry / (Record no. 17777)

MARC details
000 -LEADER
fixed length control field 01106cam a2200337 i 4500
001 - CONTROL NUMBER
control field 015743711
003 - CONTROL NUMBER IDENTIFIER
control field EG-ScBUE
005 - DATE AND TIME OF LATEST TRANSACTION
control field 20260511135239.0
008 - FIXED-LENGTH DATA ELEMENTS--GENERAL INFORMATION
fixed length control field 110125t2012 at a f 001 0 eng d
020 ## - INTERNATIONAL STANDARD BOOK NUMBER
International Standard Book Number 9780840054531 (pbk.)
020 ## - INTERNATIONAL STANDARD BOOK NUMBER
International Standard Book Number 084005453X (pbk.)
040 ## - CATALOGING SOURCE
Original cataloging agency StDuBDS
Language of cataloging eng
Description conventions rda
Transcribing agency StDuBDS
Modifying agency Uk
-- EG-ScBUE
082 04 - DEWEY DECIMAL CLASSIFICATION NUMBER
Classification number 547
Edition number 23
Item number MCM
100 1# - MAIN ENTRY--PERSONAL NAME
Personal name McMurry, John,
Relator term author.
9 (RLIN) 34522
245 10 - TITLE STATEMENT
Title Organic chemistry /
Statement of responsibility, etc John McMurry, Cornell University.
250 ## - EDITION STATEMENT
Edition statement Eighth edition.
250 ## - EDITION STATEMENT
Edition statement International edition.
264 #1 - PUBLICATION, DISTRIBUTION, ETC. (IMPRINT)
Place of publication, distribution, etc [Canberra] :
Name of publisher, distributor, etc Brooks/Cole Cengage Learning,
Date of publication, distribution, etc [2012]
264 #4 - PUBLICATION, DISTRIBUTION, ETC. (IMPRINT)
Date of publication, distribution, etc c2012
300 ## - PHYSICAL DESCRIPTION
Extent 1 volume (various pagings) :
Other physical details illustrations (chiefly color) ;
Dimensions 26 cm
336 ## - CONTENT TYPE
Source rdacontent
Content type term نص
Content type code txt
337 ## - MEDIA TYPE
Media type term بدون وسيط
Source rdamedia
Media type code n
338 ## - CARRIER TYPE
Carrier type term مجلد
Carrier type code nc
Source rdacarrier
500 ## - GENERAL NOTE
General note Includes index.
500 ## - GENERAL NOTE
General note Includes Appendices.<br/>
650 #7 - SUBJECT ADDED ENTRY--TOPICAL TERM
Topical term or geographic name as entry element Chemistry, Organic.
Source of heading or term BUEsh
9 (RLIN) 34523
650 #7 - SUBJECT ADDED ENTRY--TOPICAL TERM
Topical term or geographic name as entry element Chemistry, Organic
Form subdivision Problems, exercises, etc.
Source of heading or term BUEsh
9 (RLIN) 34524
653 ## - INDEX TERM--UNCONTROLLED
Arrived date list December2013
655 ## - INDEX TERM--GENRE/FORM
Form subdivision Reading book
942 ## - ADDED ENTRY ELEMENTS (KOHA)
Source of classification or shelving scheme Dewey Decimal Classification
Koha item type Book - Borrowing
Holdings
Withdrawn status Lost status Source of classification or shelving scheme Damaged status Not for loan Collection code Home library Current library Shelving location Date acquired Source of acquisition Total Checkouts Total Renewals Full call number Barcode Date last seen Date checked out Price effective from Koha item type Materials specified (bound volume or other part)
    Dewey Decimal Classification     Baccah Central Library Central Library First floor 03/12/2013   1 3 547 MCM 000029657 15/07/2025 04/11/2015 03/12/2013 Book - Borrowing  
    Dewey Decimal Classification     Baccah Central Library Central Library First floor 03/12/2013 Purchase     547 MCM 000029658 15/07/2025     NB - Book (Non borrowing)
    Dewey Decimal Classification     Baccah Central Library Central Library First floor 03/12/2013 Purchase 1   547 MCM 000029659 15/07/2025 28/10/2018   Book - Borrowing
    Dewey Decimal Classification     Baccah Central Library Central Library First floor 03/12/2013 Purchase 3 22 547 MCM 000029660 15/07/2025 13/12/2021   Book - Borrowing
    Dewey Decimal Classification     Baccah Central Library Central Library First floor 03/12/2013 Purchase 2 1 547 MCM 000029661 15/07/2025 04/10/2023   Book - Borrowing
    Dewey Decimal Classification     Baccah Central Library Central Library First floor 03/12/2013 Purchase 2   547 MCM 000029662 15/07/2025 02/12/2015   Book - Borrowing